| 000 | 00583nam a2200229 i 4500 | ||
|---|---|---|---|
| 001 | bg | ||
| 100 | 1 | _aSTEVENS, W. Richard. | |
| 245 | 1 | 0 |
_aBiblia TCP/IP. _nT.1, _pProtokoły / _cW. Richard Stevens. |
| 246 |
_iTyt. oryg.: _aTCP/IP |
||
| 260 |
_aWarszawa : _bWydaw. RM, _c1998. |
||
| 300 |
_a652 s ; _c25 cm. |
||
| 500 | _aOryg.: "TCP/IP" 1994. | ||
| 504 | _aIndeks. | ||
| 650 | 9 | _aSieć komputerowa | |
| 020 | _a8387216240 | ||
| 040 | _cBPK | ||
| 041 | 1 |
_apl _hen |
|
| 080 | _a004.7 | ||
| 920 | _a83-87216-24-0 | ||
| 942 | _cKS | ||
| 008 | s pl f |000 0 pol | ||
| 999 |
_c35759 _d35759 |
||
| 856 |
_uhttp://koha.tu.koszalin.pl/cgi-bin/koha/opac-detail.pl?biblionumber=35759 _yKatalog online BPK |
||